Современная наука о Вселенной и происхождении человека : (Record no. 504351)
[ view plain ]
| 000 -LEADER | |
|---|---|
| fixed length control field | 00610-am-a2200157-a-4500 |
| 001 - CONTROL NUMBER | |
| control field | YSU0162536 |
| 003 - CONTROL NUMBER IDENTIFIER | |
| control field | AM-YeHGA |
| 005 - DATE AND TIME OF LATEST TRANSACTION | |
| control field | 20250617163303.0 |
| 008 - FIXED-LENGTH DATA ELEMENTS--GENERAL INFORMATION | |
| fixed length control field | 981116s1948 xxu 000 0 rus u |
| 040 ## - CATALOGING SOURCE | |
| Original cataloging agency | AM-YeHGA |
| 090 ## - LOCALLY ASSIGNED LC-TYPE CALL NUMBER (OCLC); LOCAL CALL NUMBER (RLIN) | |
| -- | 507769 |
| 245 10 - TITLE STATEMENT | |
| Title | Современная наука о Вселенной и происхождении человека : |
| Remainder of title | Сенограммы лекций, прочитанных по радио в феврале-апреле 1948 г. / |
| Statement of responsibility, etc. | [А.И. Лебединский и др.] |
| 260 0# - PUBLICATION, DISTRIBUTION, ETC. | |
| Place of publication, distribution, etc. | Л. : |
| Name of publisher, distributor, etc. | Б. и. , |
| Date of publication, distribution, etc. | 1948. |
| 300 ## - PHYSICAL DESCRIPTION | |
| Extent | 109 с. |
| 650 #4 - SUBJECT ADDED ENTRY--TOPICAL TERM | |
| Topical term or geographic name entry element | Вселенная |
| Withdrawn status | Lost status | Damaged status | Not for loan | Collection | Home library | Current library | Date acquired | Total checkouts | Full call number | Barcode | Date last seen | Price effective from | Koha item type | Public note |
|---|---|---|---|---|---|---|---|---|---|---|---|---|---|---|
| General | Fundamental Scientific Library | Fundamental Scientific Library | 25/12/2019 | РД II/65872 | FL0615092 | 25/12/2019 | 25/12/2019 | Գրքեր / Books | 30 Days Loan | |||||
| General | Fundamental Scientific Library | Fundamental Scientific Library | 09/01/2020 | РД II/65936 | FL0615240 | 09/01/2020 | 09/01/2020 | Գրքեր / Books | 30 Days Loan |
ՀՀ Գիտությունների ազգային ակադեմիայի հիմնարար գիտական գրադարան = Fundamental Scientific Library of NAS RA
All site content, except where otherwise noted, is licensed under a